000 00742nam a2200217 i 4500
001 81294
003 ES-MaACL
005 20230906174418.0
007 t|
008 041104s1969 sp ||||1| spa d
100 1 _aHuerlimann, Martin.
_9209364
245 1 3 _aLa tierra en imágenes
_b: países y culturas /
_cprologado y dirigido por Martin Hürlimann ; textos de Ernst Winkler ; y mapas de Arthur Dürst ; [traducción de Francisco Payarols].
250 _a[1ª ed.].
260 _aBarcelona :
_bLabor,
_c[1969]
300 _a396 p. :
_bil. ;
_c31 cm.
700 1 _aWinkler, Ernst.
_9117087
700 1 _aDurst, Ernst.
_946331
700 1 _aPayarols, Francisco.
_989715
852 _aES-MaACL
_jC-41661
_bR.70719
999 _c81294
_d81294